Statistics for Countries and US States starting with a Vowel

Click here to take the quiz!

General Stats

  • This quiz has been taken 44 times
  • The average score is 41 of 48

Answer Stats

HintCountry% Correct
Country starting with IIndia
100%
US State starting with IIllinois
97%
US State starting with IIndiana
97%
US State starting with OOhio
97%
US State starting with AAlabama
95%
Country starting with AAlbania
95%
US State starting with AArizona
95%
Country starting with EEstonia
95%
Country starting with OOman
95%
US State starting with UUtah
95%
US State starting with AAlaska
92%
Country starting with AAndorra
92%
US State starting with AArkansas
92%
Country starting with AAustralia
92%
Country starting with AAustria
92%
US State starting with IIdaho
92%
US State starting with IIowa
92%
US State starting with OOklahoma
92%
US State starting with OOregon
92%
Country starting with UUnited Kingdom
92%
Country starting with UUzbekistan
92%
Country starting with EEcuador
89%
Country starting with IIndonesia
89%
Country starting with UUganda
89%
Country starting with AAngola
86%
Country starting with EEl Salvador
86%
Country starting with EEritrea
86%
Country starting with EEthiopia
86%
Country starting with UUnited States
86%
Country starting with UUruguay
86%
Country starting with AAfghanistan
84%
Country starting with AAlgeria
84%
Country starting with AAntigua and Barbuda
84%
Country starting with AArgentina
84%
Country starting with AArmenia
84%
Country starting with AAzerbaijan
84%
Country starting with IIceland
84%
Country starting with EEast Timor
81%
Country starting with IIreland
81%
Country starting with EEgypt
78%
Country starting with IIsrael
78%
Country starting with IItaly
78%
Country starting with UUnited Arab Emirates
78%
Country starting with EEquatorial Guinea
76%
Country starting with IIran
76%
Country starting with IIraq
76%
Country starting with UUkraine
65%
Country starting with EEswatini
32%

Score Distribution

Percentile by Number Answered

Percent of People with Each Score

Your Score History

You have not taken this quiz